Peranan pengetua sebagai pemimpin pengajaran : di sebuah sekolah menengah /
Saved in:
| Main Author: | |
|---|---|
| Format: | Thesis Article |
| Language: | Malay |
| Published: |
2005.
|
| Subjects: | |
| Tags: |
Add Tag
No Tags, Be the first to tag this record!
|
| LEADER | 00946cab a2200241 a 4500 | ||
|---|---|---|---|
| 001 | u710364 | ||
| 003 | SIRSI | ||
| 008 | 050808s2005 my a t 00 0 may m | ||
| 040 | |a UMK | ||
| 043 | |a a-my | ||
| 098 | |a LB2831.9 |b UM 2005 Hasi | ||
| 100 | 0 | 0 | |a Hasnah Ismail. |
| 245 | 1 | 0 | |a Peranan pengetua sebagai pemimpin pengajaran : |b di sebuah sekolah menengah / |c Hasnah Ismail. |
| 260 | |c 2005. | ||
| 300 | |a xii, 71 leaves : |b ill. ; |c 30cm. | ||
| 502 | |a Dissertation (M.Princ.) -- Institut Pengajian Kepengetuaan, Universiti Malaya, 2005. | ||
| 504 | |a Bibliography: leaves 61-63. | ||
| 650 | 0 | |a School principals |z Malaysia. | |
| 650 | 0 | |a Educational leadership |z Malaysia. | |
| 650 | 0 | |a School management and organization |z Malaysia |x Case studies. | |
| 710 | 2 | 0 | |a Universiti Malaya. |b Institut Pengajian Kepengetuaan. |
| 596 | |a 19 | ||
| 999 | |a LB2831.9 UM 2005 HASI |w LC |c 1 |i A511792911 |d 13/3/2008 |e 13/3/2008 |f 6/9/2005 |g 1 |l STACKS |m P19KOTA |n 2 |r Y |s Y |t TESIS |u 2/9/2005 | ||
